Statistics for Opery Bedřicha Smetany

Click here to take the quiz!

General Stats

  • This quiz has been taken 250 times
  • The average score is 6 of 9

Answer Stats

Opera% Correct
2.Prodaná nevěsta
86%
4.Libuše
78%
1.Braniboři v Čechách
75%
3.Dalibor
71%
6.Hubička
66%
8.Čertova stěna
55%
5.Dvě vdovy
49%
7.Tajemství
41%
9.Viola
36%

Score Distribution

Percentile by Number Answered

Percent of People with Each Score

Your Score History

You have not taken this quiz